| 000 | 00803nam a2200241 a 4500 | ||
|---|---|---|---|
| 001 | 000013194 | ||
| 003 | DO-SdBNP | ||
| 005 | 20240530073916.0 | ||
| 008 | 091120s1976 dr 000 f spa d | ||
| 040 |
_aDO-SdBNP _bspa _cBNPHU |
||
| 082 | 4 |
_aRD863.44 _bV422a _222 |
|
| 100 | 1 |
_aVega Batlle, Julio, _d1899-1973. _930269 |
|
| 245 | 1 | 0 |
_aAnadel : _bla novela de la gastrosofía / _cJulio Vega Batlle. |
| 260 |
_aSantiago de los Caballeros (República Dominicana) : _bUniversidad Católica Madre y Maestra (UCMM), _c1976. |
||
| 300 |
_a300 p. ; _c21 cm. |
||
| 490 |
_aEstudios _v23 |
||
| 590 | _aInventariado, 2020 /LP | ||
| 650 | 0 |
_aNovela dominicana _9223 |
|
| 650 | 0 |
_aLiteratura dominicana. _967 |
|
| 830 |
_aEstudios _v23 _93854 |
||
| 910 | _aValidado. Control de calidad BNPHU | ||
| 942 |
_2ddc _cLBS1 |
||
| 999 |
_c12833 _d12833 |
||